000 00631nam a2200181Ia 4500
008 151018s9999 xx 000 0 und d
082 _bRBASDV833
_a891.464
100 _aवि कृ भाटीवडेकर
245 _aअॅटीकॉर्नलॉं लीग
250 _b1
260 _bआर्यभूषण प्रेस
_c1890
300 _a12
600 _aवि कृ भाटीवडेकर
630 _aअॅटीकॉर्नलॉं लीग
700 _aवि कृ भाटीवडेकर
730 _aअॅटीकॉर्नलॉं लीग
942 _cBOOK
999 _c1003302
_d1003299